[Event "RB-2012-0-00184"]
[Site "LSS email"]
[Date "2012.07.08"]
[Round "?"]
[White "Zhdanenia, Konstantin A"]
[Black "Kroes, Friso"]
[Result "1-0"]
[WhiteElo "2003"]
[BlackElo "1675"]
[PlyCount "29"]
[EventDate "2012.06.02"]
[EventType "tourn (corr)"]
[EventRounds "6"]
[EventCountry "GER"]
[SourceTitle "Corr 2015"]
[Source "ChessBase"]
[SourceDate "2015.07.17"]
[SourceVersion "1"]
[SourceVersionDate "2015.07.17"]
[SourceQuality "1"]

1. d4 e6 2. Bf4 c5 3. e3 Nf6 4. Nf3 Qb6 5. Na3 Qxb2 6. Nb5 Nd5 7. Rb1 Qxa2 8. Ra1 Qb2 9. Bc4 Qb4+ 10. Nd2 a6 11. Nd6+ Bxd6 12. Bxd6 Nc3 13. Qg4 g6 14. 0-0 Nc6 15. Bxc5 1-0

[Event "RA-2012-0-00220"]
[Site "LSS email"]
[Date "2012.06.30"]
[Round "?"]
[White "Silva Filho, Alcindo Luz Bastos"]
[Black "Kroes, Friso"]
[Result "1-0"]
[WhiteElo "2115"]
[BlackElo "1906"]
[PlyCount "48"]
[EventDate "2012.06.12"]
[EventType "tourn (corr)"]
[EventRounds "6"]
[EventCountry "GER"]
[SourceTitle "Telechess CBM 161"]
[Source "ChessBase"]
[SourceDate "2014.07.16"]
[SourceVersion "1"]
[SourceVersionDate "2014.07.16"]
[SourceQuality "1"]

1. e4 e6 2. d4 d5 3. e5 c5 4. c3 Nc6 5. Nf3 Qb6 6. a3 Nh6 7. b4 cxd4 8. cxd4 Nf5 9. Be3 Bd7 10. Bd3 Nxe3 11. fxe3 Rc8 12. 0-0 Be7 13. Nbd2 a5 14. b5 Na7 15. a4 h6 16. Nb3 0-0 17. Nc1 Rc7 18. Ne2 Rfc8 19. Qe1 Be8 20. Qg3 Kh8 21. Rab1 Kg8 22. Qg4 Kh8 23. e4 dxe4 24. Qxe4 g6 1-0

[Event "RA-2012-0-00220"]
[Site "LSS email"]
[Date "2012.06.29"]
[Round "?"]
[White "Galvin, John H"]
[Black "Kroes, Friso"]
[Result "1/2-1/2"]
[WhiteElo "1896"]
[BlackElo "1906"]
[PlyCount "69"]
[EventDate "2012.06.12"]
[EventType "tourn (corr)"]
[EventRounds "6"]
[EventCountry "GER"]
[SourceTitle "Telechess CBM 165"]
[Source "ChessBase"]
[SourceDate "2015.03.11"]
[SourceVersion "1"]
[SourceVersionDate "2015.03.11"]
[SourceQuality "1"]

1. e4 e6 2. d4 d5 3. Nd2 Nf6 4. e5 Nfd7 5. Bd3 c5 6. c3 Nc6 7. Ndf3 Qa5 8. Bd2 Qb6 9. Ne2 c4 10. Bc2 Qxb2 11. Nf4 Be7 12. h4 h6 13. a4 b6 14. Rb1 Qa3 15. 0-0 Bb7 16. Ra1 Qb2 17. Ne1 Ba6 18. Rb1 Qa2 19. Qg4 0-0-0 20. Qxg7 Rdf8 21. Qg4 Na5 22. Nxe6 fxe6 23. Qxe6 Re8 24. Qxd5 Bb7 25. Qf7 Bc6 26. Be3 Rhf8 27. Qh5 Nb3 28. Bxh6 Rh8 29. Qg6 Bd5 30. Bg7 Rhg8 31. h5 Qxa4 32. h6 Nf8 33. Qg3 Ne6 34. Bh7 Nxg7 35. Bxg8 1/2-1/2

[Event "RA-2012-0-00220"]
[Site "LSS email"]
[Date "2012.06.29"]
[Round "?"]
[White "Husemann, Andreas"]
[Black "Kroes, Friso"]
[Result "1/2-1/2"]
[WhiteElo "1909"]
[BlackElo "1906"]
[PlyCount "108"]
[EventDate "2012.06.12"]
[EventType "tourn (corr)"]
[EventRounds "6"]
[EventCountry "GER"]
[SourceTitle "Telechess CBM 165"]
[Source "ChessBase"]
[SourceDate "2015.03.11"]
[SourceVersion "1"]
[SourceVersionDate "2015.03.11"]
[SourceQuality "1"]

1. d4 d5 2. c4 c6 3. Nf3 Nf6 4. Nc3 e6 5. Bg5 dxc4 6. e4 b5 7. e5 h6 8. Bh4 g5 9. Nxg5 hxg5 10. Bxg5 Nbd7 11. exf6 Bb7 12. g3 Qb6 13. Bg2 c5 14. d5 0-0-0 15. 0-0 b4 16. Na4 Qb5 17. a3 Nb8 18. axb4 cxb4 19. Qd4 Nc6 20. dxc6 Rxd4 21. cxb7+ Kb8 22. Be3 e5 23. b3 c3 24. Rfd1 Bh6 25. Bxd4 exd4 26. Rxd4 c2 27. Rc4 Qxc4 28. bxc4 Rd8 29. Bf3 c1R+ 30. Rxc1 Bxc1 31. Nc5 a5 32. Na6+ Ka7 33. b8Q+ Rxb8 34. Nxb8 Kxb8 35. Bd1 Bg5 36. f4 Bxf6 37. h4 Bd4+ 38. Kf1 Kc7 39. h5 Kd6 40. Ke2 Kc5 41. Kd3 f5 42. h6 Bf6 43. h7 Bg7 44. Bb3 Bd4 45. Ke2 Bf6 46. Kf3 Bh8 47. g4 a4 48. Bxa4 fxg4+ 49. Kxg4 Kxc4 50. Kf5 Kd5 51. Bb3+ Kd6 52. Kg6 Ke7 53. Bf7 Ba1 54. f5 Be5 1/2-1/2